Online Catalogue and eLibrary

Women in Indian society : (Record no. 89)

MARC details
000 -LEADER
fixed length control field 00808cam a2200265 a 4500
001 - CONTROL NUMBER
control field 4328223
005 - DATE AND TIME OF LATEST TRANSACTION
control field 20231127232654.0
008 - FIXED-LENGTH DATA ELEMENTS--GENERAL INFORMATION
fixed length control field 880323s1988 ii b 001 0 eng
020 ## - INTERNATIONAL STANDARD BOOK NUMBER
ISBN 0803995644
020 ## - INTERNATIONAL STANDARD BOOK NUMBER
ISBN 0803995652 (pbk.)
040 ## - CATALOGING SOURCE (பட்டியலாக்க மூலம்)
Original cataloging agency DLC
Transcribing agency DLC
Modifying agency DLC
082 00 - DDC Classification
Class No. 305.4/2/0954
DDC Edition Number 19
245 00 - TITLE STATEMENT
Title Women in Indian society :
Remainder of title a reader /
Statement of responsibility, etc. edited by Rehana Ghadially.
260 ## - PUBLICATION, DISTRIBUTION, ETC.
Place of publication, distribution, etc. New Delhi ;
-- Newbury Park, Calif. :
Name of publisher, distributor, etc. Sage Publications,
Date of publication, distribution, etc. 1988.
300 ## - PHYSICAL DESCRIPTION
Extent (e.g. Volumes, Pages etc.) 310 p. ;
500 ## - GENERAL NOTE
General note Includes index.
650 #0 - SUBJECT ADDED ENTRY--TOPICAL TERM
Topical term or geographic name entry element Women
650 #0 - SUBJECT ADDED ENTRY--TOPICAL TERM
Topical term or geographic name entry element Sex role
650 #0 - SUBJECT ADDED ENTRY--TOPICAL TERM
Topical term or geographic name entry element Femininity.
650 #0 - SUBJECT ADDED ENTRY--TOPICAL TERM
Topical term or geographic name entry element Feminism
700 1# - ADDED ENTRY--PERSONAL NAME
Personal name Ghadially, Rehana,
Relator term (Role) Editor
856 42 - ELECTRONIC LOCATION AND ACCESS
Uniform Resource Identifier <a href="http://www.loc.gov/catdir/enhancements/fy0657/88011683-d.html">http://www.loc.gov/catdir/enhancements/fy0657/88011683-d.html</a>
856 41 - ELECTRONIC LOCATION AND ACCESS
Uniform Resource Identifier <a href="http://www.loc.gov/catdir/enhancements/fy0657/88011683-t.html">http://www.loc.gov/catdir/enhancements/fy0657/88011683-t.html</a>
942 ## - Koha item type (Biblio)
Koha item type Books in Stacks (Lending)
Holdings
Lost status Damaged status Collection code Home library Current library Date acquired Full call number Accession Number Item type
    Lending WERC Library WERC Library 11/28/2023 305.4/2/0954 3398 Books in Stacks (Lending)

© WERC Library